Internationales Jahrbuch für schielsgerichtswesen in aivil und Handelssachen / (Record no. 112834)

MARC details
000 -LEADER
campo de control de longitud fija 00518nam a2200169 4500
001 - NÚMERO DE CONTROL
campo de control 112834
003 - IDENTIFICADOR DE NÚMERO DE CONTROL
campo de control ES-MaACL
005 - FECHA Y HORA DE LA ÚLTIMA TRANSACCIÓN
campo de control 20230906185640.0
007 - CAMPO FIJO DE DESCRIPCIÓN FÍSICA--INFORMACIÓN GENERAL
campo de control de longitud fija t|
008 - DATOS DE LONGITUD FIJA--INFORMACIÓN GENERAL
campo de control de longitud fija 061121s1926 gw r ||||1| ger d
100 1# - ENTRADA PRINCIPAL--NOMBRE DE PERSONA
Nombre de persona Nubbaum, Arthur.
9 (RLIN) 86113
245 10 - MENCIÓN DEL TÍTULO
Título Internationales Jahrbuch für schielsgerichtswesen in aivil und Handelssachen /
Mención de responsabilidad, etc. herausgeben von Dr. Arthur Nubbaum.
260 ## - PUBLICACIÓN, DISTRIBUCIÓN, ETC.
Lugar de publicación, distribución, etc. Berlin :
Nombre del editor, distribuidor, etc. Carl Heymanns,
Fecha de publicación, distribución, etc. 1926.
300 ## - DESCRIPCIÓN FÍSICA
Extensión VII, 375 p. ;
Dimensiones 25 cm.
500 ## - NOTA GENERAL
Nota general Es el v. I.
852 ## - LOCALIZACIÓN
Ubicación ES-MaACL
Número de control de estantería D-9003
Holdings
Estatus retirado Estado de pérdida Estado de daño No para préstamo Biblioteca de origen Biblioteca actual Ubicación en estantería Fecha de adquisición Fuente de adquisición Total de préstamos Signatura topográfica completa Código de barras Visto por última vez Precio de reemplazo Tipo de ítem Koha
        Biblioteca del Ateneo de Madrid Biblioteca del Ateneo de Madrid Sala Valle Inclán 17/01/2008     D-9003 901117695 23/02/2023 23/02/2023 Libro impreso